[Event "12th Chicago Open"]
[Site "Oak Brook USA"]
[Date "2003.05.26"]
[Round "6"]
[White "Shulman,Y"]
[Black "Yudasin,L"]
[Result "1/2-1/2"]
[WhiteElo "2550"]
[BlackElo "2558"]

1.d4 Nf6 2.c4 e6 3.Nc3 Bb4 4.e3 O-O 5.Ne2 Re8 6.a3 Bf8 7.d5 d6 8.Ng3 c6 9.Be2 exd5
10.cxd5 Nxd5 11.Nxd5 cxd5 12.Bf3 Nc6 13.O-O Be6 14.Ne2 Qb6 15.Bxd5 Ne7 16.Ba2 Rac8
17.b3 Ng6 18.Nd4 Bd7 19.Bb2 Be7 20.Qd2 Bf6 21.Rac1 Ne7 22.b4 Nc6 23.Nxc6 Bxb2
24.Ne7+ Rxe7 25.Qxb2 Ree8 26.h3 a5 27.Bd5 Bc6 28.Rfd1 Bxd5 29.Rxc8 Rxc8 30.Rxd5 axb4
31.axb4 Kf8 32.Qd2 Ke7 33.e4 h6 34.Kh2 Rc4 35.e5 dxe5 36.Rxe5+ Kf8 37.Qd7 g6
38.Re8+ Kg7 39.Qe7 Qc7+  1/2-1/2

[Event "31st World Open"]
[Site "Philadelphia USA"]
[Date "2003.07.01"]
[Round "2"]
[White "Cherniack,A"]
[Black "Shulman,Y"]
[Result "0-1"]
[WhiteElo "2269"]
[BlackElo "2550"]

1.d4 d5 2.c4 e6 3.Nc3 c6 4.e4 dxe4 5.Nxe4 Bb4+ 6.Bd2 Qxd4 7.Bxb4 Qxe4+ 8.Be2 Na6
9.Ba5 b6 10.Bc3 f6 11.Qd6 Nh6 12.O-O-O Nf7 13.Qg3 Qg6 14.Qf3 O-O 15.Bd3 Qg5+
16.Bd2 Qc5 17.Be3 Qe7 18.Qh5 f5 19.f4 Nc5 20.Bc2 Ba6 21.Qe2 e5 22.fxe5 Nxe5
23.Bd4 Rae8 24.Nf3 Nxf3 25.Qxf3 Bxc4 26.Qxc6 Bxa2 27.Qb5 Rc8 28.Bc3 Ne4 29.Bxe4 Qxe4
30.Qd7 Qb1+ 31.Kd2 Rfd8 32.Rxb1 Rxd7+ 33.Ke3 Bxb1 34.Rxb1 Kf7  0-1

[Event "31st World Open"]
[Site "Philadelphia USA"]
[Date "2003.07.02"]
[Round "3"]
[White "Shulman,Y"]
[Black "Vigorito,D"]
[Result "1-0"]
[WhiteElo "2550"]
[BlackElo "2298"]

1.d4 d5 2.c4 c6 3.Nf3 Nf6 4.Nc3 dxc4 5.a4 Bf5 6.e3 e6 7.Bxc4 Bb4 8.O-O Nbd7
9.Nh4 Bg6 10.Qb3 a5 11.g3 Bh5 12.Na2 Be7 13.f3 O-O 14.g4 Nd5 15.gxh5 Bxh4
16.e4 N5b6 17.Be3 Nxc4 18.Qxc4 e5 19.Rad1 Bg5 20.Qc1 Bxe3+ 21.Qxe3 Qh4 22.h6 g6
23.Nc3 Rae8 24.d5 Nf6 25.Kh1 Nh5 26.Ne2 Nf4 27.Nxf4 exf4 28.Qc3 Qxh6 29.Qxa5 cxd5
30.Qxd5 Qh3 31.Qd2 f5 32.Qd5+ Rf7 33.e5 Kg7 34.Rf2 Rfe7 35.Re1 g5 36.e6 Qh6
37.Rfe2 Qf6 38.a5 Kg6 39.Re5 h5 40.b4 g4 41.b5 g3 42.a6 bxa6 43.bxa6 h4 44.h3 Kg5
45.Qc6 Qg6 46.R1e2 Rd8 47.Kg2 Qf6 48.a7 Rxa7 49.e7 Rxe7 50.Qxf6+ Kxf6 51.Rxe7 Rd1
52.Ra7 Rd6 53.Rea2 Kg5 54.R7a6 Rd1 55.Re2 Rd7 56.Ree6 Rg7 57.Kf1 Kh5 58.Rad6 Rg8
59.Rd7 Rb8 60.Rh7+ Kg5 61.Rg7+ Kh5 62.Rgg6 g2+ 63.Ke2 Rg8 64.Rxg8 g1=Q 65.Rh6+  1-0

[Event "31st World Open"]
[Site "Philadelphia USA"]
[Date "2003.07.04"]
[Round "5"]
[White "Shulman,Y"]
[Black "Paschall,W"]
[Result "1/2-1/2"]
[WhiteElo "2550"]
[BlackElo "2429"]

1.Nf3 Nf6 2.c4 b6 3.g3 c5 4.Bg2 Bb7 5.O-O e6 6.Nc3 a6 7.Re1 d6 8.e4 Be7 9.d4 cxd4
10.Nxd4 Qc7 11.Be3 Nbd7 12.Rc1 O-O 13.h3 Rfe8 14.b3 Rac8 15.f4 Bf8 16.Bf2 g6
17.Qd2 Qb8 18.Re2 Qa8 19.Rce1 Nc5 20.g4 Red8 21.Bh4 Be7 22.Bg3 Bf8 23.Nc2 Bg7
24.Kh2 Qb8 25.Rd1 b5 26.cxb5 d5 27.e5 Nce4 28.Nxe4 Nxe4 29.Bxe4  1/2-1/2

[Event "II American Continental"]
[Site "Buenos Aires ARG"]
[Date "2003.08.19"]
[Round "3"]
[White "Shulman,Y"]
[Black "Sosa Harrison,J"]
[Result "1-0"]
[WhiteElo "2559"]
[BlackElo "2294"]

1.d4 d5 2.c4 c6 3.Nf3 Nf6 4.Nc3 e6 5.Bg5 Be7 6.e3 Nbd7 7.Qc2 h6 8.Bh4 O-O
9.Rd1 Re8 10.a3 a6 11.Bd3 b5 12.c5 e5 13.dxe5 Ng4 14.Bg3 Bxc5 15.Ne2 Qb6
16.Rc1 Bf8 17.Qxc6 Qxc6 18.Rxc6 Ngxe5 19.Nxe5 Nxe5 20.Bxe5 Rxe5 21.Kd2 Re8
22.Nd4 g6 23.Rhc1 Bg7 24.Rb6 Bxd4 25.exd4 Re6 26.Rcc6 Rxc6 27.Rxc6 Kf8 28.Kc3 Ke7
29.Kb4 a5+ 30.Kc3 Rb8 31.b4 a4 32.Rc5 Bd7 33.Rxd5 Bc6 34.Rc5 Kd6 35.g3 h5
36.h4 Rb7 37.Rxc6+ Kxc6 38.Be4+ Kb6 39.Bxb7 Kxb7 40.d5 Kc7 41.Kd4 Kd6 42.f3 f6
43.g4 g5 44.gxh5  1-0

[Event "II American Continental"]
[Site "Buenos Aires ARG"]
[Date "2003.08.28"]
[Round "10"]
[White "Slipak,S"]
[Black "Shulman,Y"]
[Result "0-1"]
[WhiteElo "2497"]
[BlackElo "2559"]

1.d4 d5 2.c4 e6 3.Nf3 Nf6 4.Nc3 dxc4 5.e3 a6 6.Bxc4 b5 7.Be2 Bb7 8.O-O Nbd7
9.b3 Bd6 10.Bb2 O-O 11.a4 b4 12.Nb1 c5 13.Nbd2 Qe7 14.Nc4 Bc7 15.Nfe5 cxd4
16.Nxd7 Nxd7 17.Qxd4 e5 18.Qd2 a5 19.f3 Rfd8 20.Rad1 Rac8 21.e4 Ba6 22.Kh1 Nb6
23.Qe3 Bxc4 24.Bxc4 Nxc4 25.bxc4 Rxd1 26.Rxd1 Rd8 27.Rd5 Rxd5 28.exd5 Qd6
29.g3 h6 30.Kg2 f6 31.Qa7 Kh7 32.Qb7 Qc5 33.Qc8 Qxc4 34.Qf5+ Kg8 35.Qe6+ Kf8
36.Qc8+ Kf7 37.Qd7+ Kg6 38.h4 Qc2+ 39.Kh3 Qf5+ 40.Qxf5+ Kxf5 41.h5 e4 42.Kg2 e3
43.Kf1 Bxg3 44.Ke2 Be5 45.d6 Bxd6 46.Kxe3 Be5  0-1

[Event "34th NCC"]
[Site "Philadelphia USA"]
[Date "2003.11.29"]
[Round "4"]
[White "Sarkar,J"]
[Black "Shulman,Y"]
[Result "1/2-1/2"]
[WhiteElo "2369"]
[BlackElo "2564"]

1.d4 d5 2.c4 e6 3.Nc3 c6 4.Nf3 dxc4 5.a4 Bb4 6.e3 b5 7.Bd2 a5 8.axb5 Bxc3
9.Bxc3 cxb5 10.b3 Bb7 11.bxc4 b4 12.Bb2 Nf6 13.Bd3 O-O 14.Qc2 Nbd7 15.O-O Qc7
16.e4 e5 17.Rfe1 Rfe8 18.c5 h6 19.Rec1 Rec8 20.dxe5 Ng4 21.c6 Bxc6 22.e6 fxe6
23.Bb5 Nde5 24.Nxe5 Nxe5 25.Qc5 Qb8 26.Be2 Nf7 27.Rxa5 Rxa5 28.Qxa5 Bxe4
29.Rxc8+ Qxc8  1/2-1/2

[Event "34th NCC"]
[Site "Philadelphia USA"]
[Date "2003.11.30"]
[Round "5"]
[White "Shulman,Y"]
[Black "Rubenchik,R"]
[Result "1-0"]
[WhiteElo "2564"]
[BlackElo "2331"]

1.d4 Nf6 2.c4 e6 3.Nc3 Bb4 4.e3 c5 5.Ne2 cxd4 6.exd4 O-O 7.a3 Be7 8.d5 exd5
9.cxd5 Bc5 10.Na4 Bd6 11.g3 Re8 12.Bg2 b5 13.Nc3 b4 14.axb4 Bxb4 15.O-O a5
16.Nd4 Ba6 17.Re1 Rxe1+ 18.Qxe1 Bb7 19.Bg5 h6 20.Bxf6 Qxf6 21.Qe8+ Bf8 22.Ndb5 Qb6
23.Re1 Na6 24.Qxd7 Rd8 25.Qf5 Nb4 26.Rd1 Bc8 27.Qf4 Ba6 28.Qc7 Qxc7 29.Nxc7 Bc4
30.N7b5 Bc5 31.Bf1 Bb3 32.Rd2 Kf8 33.d6 Nc6 34.Kg2 Ne5 35.f4 Nc4 36.Bxc4 Bxc4
37.Kf3 Ke8 38.Rd1 Kd7 39.Ne4 Bb6 40.Nd4 Bd5 41.Nf5 Bb7 42.Nxg7 Rc8 43.Re1 a4
44.Kg4 Bxe4 45.Rxe4 Rg8 46.Kh5 Rxg7 47.Kxh6 Rg6+ 48.Kh7 Rxd6 49.Rxa4 Bd4
50.g4 Bxb2 51.h4 Ke7 52.Re4+ Kf8 53.Rb4 Rd4 54.Rxd4 Bxd4 55.f5  1-0

[Event "Lindsborg Inv Rapid"]
[Site "Kansas USA"]
[Date "2003.12.14"]
[Round "5"]
[White "Donaldson,J"]
[Black "Shulman,Y"]
[Result "0-1"]
[WhiteElo "2456"]
[BlackElo "2564"]

1.Nf3 c5 2.c4 Nc6 3.d4 cxd4 4.Nxd4 Nf6 5.Nc3 e6 6.Ndb5 d6 7.Bf4 e5 8.Bg5 a6
9.Bxf6 gxf6 10.Na3 f5 11.g3 Bg7 12.Bg2 O-O 13.O-O Be6 14.Qd2 e4 15.Rfd1 Qa5
16.Nd5 Rfd8 17.Rac1 Qxd2 18.Rxd2 Bxd5 19.cxd5 Nb4 20.e3 Nxa2 21.Rc7 b5 22.Bh3 Rac8
23.Rxc8 Rxc8 24.Bxf5 Rc1+ 25.Kg2 b4 26.Nc2 a5 27.Nd4 a4 28.Bxe4 b3 29.Kf3 Nc3
30.bxc3 Bxd4  0-1

[Event "6th Foxwoods Open"]
[Site "Connecticut USA"]
[Date "2004.04.08"]
[Round "2"]
[White "Pruess,D"]
[Black "Shulman,Y"]
[Result "1-0"]
[WhiteElo "2376"]
[BlackElo "2559"]

1.d4 d5 2.c4 e6 3.Nc3 c6 4.e4 dxe4 5.Nxe4 Bb4+ 6.Bd2 Qxd4 7.Bxb4 Qxe4+ 8.Ne2 Na6
9.Bf8 Ne7 10.Bxg7 Nb4 11.Qd6 Nd3+ 12.Kd2 Nf5 13.Qxd3 Qxd3+ 14.Kxd3 Nxg7 15.Ng3 b6
16.c5 Ke7 17.Kc3 Rd8 18.f4 bxc5 19.Re1 Ne8 20.Ne4 Nf6 21.Nxf6 Kxf6 22.Bd3 h6
23.Re5 Rd5 24.Rhe1 Bb7 25.Bc4 Rad8 26.Bxd5 cxd5 27.Rh5 d4+ 28.Kd2 Bxg2 29.Rxh6+ Kg7
30.Rh5 Bd5 31.b3 Rd6 32.Kd3 Ra6 33.Re2 Ra3 34.Rc2 c4+ 35.Kxd4 cxb3 36.axb3 Rxb3
37.f5 Rb4+ 38.Ke5 f6+ 39.Kd6 Rb6+ 40.Kd7 exf5 41.Rc7 Kg6 42.Rh4 a6 43.Rd4 Be4
44.Rc5 Rb3 45.Ra5 Bd3 46.Ra1 Bb5+ 47.Kd6 Rh3 48.Ra2 Bf1 49.Rf4 Rd3+ 50.Ke7 Re3+
51.Kf8 Re1 52.Raf2 Bh3 53.R4f3 Bg4 54.Rg3 a5 55.h3 Re4 56.Rgg2 a4 57.Rf3 Rb4
58.Ke7 Kg5  1-0

[Event "32nd World Open"]
[Site "Philadelphia USA"]
[Date "2004.07.03"]
[Round "5"]
[White "Shulman,Y"]
[Black "Karklins,A"]
[Result "1-0"]
[WhiteElo "2563"]
[BlackElo "2298"]

1.d4 Nf6 2.c4 e6 3.Nc3 Bb4 4.e3 c5 5.Bd3 d6 6.Ne2 Nc6 7.O-O O-O 8.Qc2 Ba5
9.a3 h6 10.b3 cxd4 11.Nxd4 Nxd4 12.exd4 Bb6 13.Ne2 e5 14.Bb2 Qe7 15.dxe5 dxe5
16.Ng3 Rd8 17.Rae1 Bd4 18.Bxd4 Rxd4 19.f4 Qd8 20.fxe5 Ng4 21.Rf3 Bd7 22.Bh7+ Kh8
23.Bf5 Bc6 24.Bxg4 Rxg4 25.Rxf7 h5 26.e6 h4 27.e7 Qd7 28.Qf5 Qd4+ 29.Kh1 g6
30.Rf8+ Kh7 31.Qf7+ Kh6 32.Nf5+ gxf5 33.Re6+ Kg5 34.Qxf5+  1-0

[Event "32nd World Open"]
[Site "Philadelphia USA"]
[Date "2004.07.04"]
[Round "7"]
[White "Shulman,Y"]
[Black "Muhammad,S"]
[Result "1/2-1/2"]
[WhiteElo "2563"]
[BlackElo "2378"]

1.d4 f5 2.c4 Nf6 3.Nf3 e6 4.Nc3 d5 5.Bf4 c6 6.e3 Bb4 7.Bd3 O-O 8.O-O Ne4
9.Qb3 a5 10.Rac1 Kh8 11.c5 Bxc3 12.bxc3 Nd7 13.Rb1 g5 14.Bd6 Nxd6 15.cxd6 Qf6
16.c4 g4 17.Nd2 f4 18.Be2 Rg8 19.Kh1 b6 20.Qa4 Bb7 21.c5 b5 22.Qd1 h5 23.a4 b4
24.Nb3 Rgf8 25.exf4 Qxf4 26.Qc2 Rf6 27.Rbe1 e5 28.dxe5 Nxe5 29.Qb2 Kg8 30.Rd1 Rf7
31.Rd4 Qf6 32.Qd2 Ba6 33.Bxa6 Rxa6 34.Qc2 Ra8 35.Rdd1 Nc4 36.Qe2 Raf8 37.Nd4 Ne5
38.f4 gxf3 39.Nxf3 Qg7 40.Nxe5 Qxe5 41.Qd3 Rxf1+ 42.Rxf1 Rxf1+ 43.Qxf1 b3
44.h3 b2 45.d7 Qe7 46.Qb1 Qxd7 47.Qxb2 d4 48.Qb3+ Kh7 49.Qd3+ Kh6 50.Qd2+ Kg6
51.Qd3+ Kh6 52.Qd2+ Kg6  1/2-1/2

[Event "UTD GM"]
[Site "Dallas USA"]
[Date "2004.12.09"]
[Round "3"]
[White "Schneider,Dm"]
[Black "Shulman,Y"]
[Result "0-1"]
[WhiteElo "2453"]
[BlackElo "2549"]

1.e4 c5 2.Nf3 e6 3.d4 cxd4 4.Nxd4 Nc6 5.Nc3 Qc7 6.Be3 a6 7.Qd2 Nf6 8.f3 Bb4
9.O-O-O Na5 10.Nb3 d5 11.Kb1 Nxb3 12.axb3 dxe4 13.Nb5 Qe7 14.c3 O-O 15.cxb4 axb5
16.Bc5 Qe8 17.Bxf8 Qxf8 18.fxe4 e5 19.Bd3 Be6 20.Bc2 Bg4 21.Rc1 Qb8 22.Qe3 Qd6
23.Qc3 Qa6 24.Bd3 Be6 25.Rhe1 h6 26.Bf1 Kh7 27.Qd3 Qa2+ 28.Kc2 Bxb3+ 29.Qxb3 Rc8+
30.Qc3 Rxc3+ 31.Kxc3 Qa6 32.Bd3 Ne8 33.Kb3 Qa4+ 34.Kc3 Qa6 35.Kb3 Qe6+ 36.Ka3 Qd7
37.Red1 Nc7 38.Rc5 Qd6 39.Bc2 Qa6+ 40.Kb3 Qe6+ 41.Ka3 Qa6+ 42.Kb3 Qe6+ 43.Ka3 Qe7
44.Rd3 b6 45.Rc6 Ne6 46.Ka2 Nd4 47.Rcc3 Qxb4 48.Bb3 Qe7 49.Bd5 b4 50.Rc8 Qa7+
51.Kb1 Qa6 52.Rc4 b3  0-1

[Event "UTD GM"]
[Site "Dallas USA"]
[Date "2004.12.10"]
[Round "4"]
[White "Shulman,Y"]
[Black "Moiseenko,A"]
[Result "1/2-1/2"]
[WhiteElo "2549"]
[BlackElo "2653"]

1.d4 Nf6 2.c4 e6 3.Nc3 Bb4 4.e3 O-O 5.Ne2 Re8 6.a3 Bf8 7.e4 d5 8.e5 Nfd7
9.cxd5 exd5 10.Be3 c5 11.f4 Nc6 12.dxc5 Bxc5 13.Bxc5 Nxc5 14.b4 Ne6 15.Qxd5 Qb6
16.Qe4 a5 17.Nd5 Qd8 18.b5  1/2-1/2

[Event "UTD GM"]
[Site "Dallas USA"]
[Date "2004.12.11"]
[Round "5"]
[White "Novikov,I"]
[Black "Shulman,Y"]
[Result "1/2-1/2"]
[WhiteElo "2588"]
[BlackElo "2549"]

1.d4 d5 2.c4 e6 3.Nf3 Nf6 4.Nc3 dxc4 5.e3 a6 6.a4 c5 7.Bxc4 Nc6 8.O-O Qc7
9.Qe2 Bd6 10.dxc5 Bxc5 11.b3 O-O 12.Bb2 Rd8 13.Rac1 b6 14.Ng5 Bb7 15.Nce4 Nxe4
16.Nxe4 Ne5 17.Nxc5 bxc5 18.Bxe5 Qxe5 19.Rfd1 Rxd1+ 20.Rxd1 Bd5 21.Bxd5  1/2-1/2

[Event "UTD GM"]
[Site "Dallas USA"]
[Date "2004.12.12"]
[Round "6"]
[White "Shulman,Y"]
[Black "Simutowe,A"]
[Result "0-1"]
[WhiteElo "2549"]
[BlackElo "2424"]

1.d4 Nf6 2.c4 e6 3.Nc3 Bb4 4.e3 c5 5.Ne2 d5 6.a3 Bxc3+ 7.Nxc3 cxd4 8.exd4 dxc4
9.Bxc4 Nc6 10.Be3 O-O 11.O-O b6 12.Qd3 Bb7 13.Rad1 Ne7 14.f3 Nf5 15.Bf2 Nd6
16.Ba2 Nd5 17.Bb1 g6 18.Ne4 Nf5 19.Rfe1 Qe7 20.Qd2 Rfd8 21.Ng3 Nd6 22.Ba2 Rac8
23.Rc1 Rxc1 24.Rxc1 Rc8 25.Rxc8+ Nxc8 26.Ne4 Nd6 27.Bg3 Nf5 28.Be5 Nfe3 29.Qc1 a5
30.Bb3 Qh4 31.h3 Qd8 32.Kh2 Qc8 33.Qe1 Qd8 34.Qe2 Bc6 35.Nf6+ Nxf6 36.Qxe3 Ne8
37.Bf4 Bd5 38.Ba4 Nd6 39.Qc3 g5 40.Bg3 h5 41.Kh1 g4 42.Bc2 gxh3 43.gxh3 Nc4
44.Kh2 h4 45.Bf2 Qg5 46.Qd3 Qf4+ 47.Kg2 Qg5+ 48.Kh2 Nd2 49.Bd1 Bc4 50.Bxh4 Qf4+
51.Bg3 Qxg3+ 52.Kxg3 Bxd3 53.b3 Nb1 54.b4 Nc3 55.bxa5 bxa5 56.Bb3 a4 57.Bxa4 Nxa4
58.Kf4 Bc4 59.Ke5 Bd5 60.f4 f5 61.Kd6 Kh7  0-1

[Event "UTD GM"]
[Site "Dallas USA"]
[Date "2004.12.13"]
[Round "7"]
[White "Ramirez,Al"]
[Black "Shulman,Y"]
[Result "1/2-1/2"]
[WhiteElo "2519"]
[BlackElo "2549"]

1.e4 e6 2.d4 d5 3.Nc3 Bb4 4.e5 c5 5.a3 Bxc3+ 6.bxc3 Qa5 7.Bd2 Qa4 8.Qb1 c4
9.Qd1 Ne7 10.Ne2 O-O 11.Ng3 f6 12.exf6 Rxf6 13.Be2 Nbc6 14.O-O Bd7 15.Bg5 Rff8
16.Bg4 h6 17.Bd2 Nf5 18.Re1 Nce7 19.Ne2 Rf6 20.Nf4 Raf8 21.Re2 Ng6 22.Bxf5  1/2-1/2

[Event "Open"]
[Site "Lindsborg USA"]
[Date "2004.12.19"]
[Round "5"]
[White "Shulman,Y"]
[Black "Miton,K"]
[Result "0-1"]
[WhiteElo "2549"]
[BlackElo "2600"]

1.d4 d5 2.c4 e6 3.Nf3 c5 4.cxd5 exd5 5.g3 Nf6 6.Bg2 Nc6 7.O-O Be7 8.Nc3 O-O
9.Bg5 c4 10.Ne5 Be6 11.f4 Ng4 12.Nxg4 Bxg4 13.Bxd5 Bxg5 14.fxg5 Qxg5 15.Rf4 Be6
16.Bg2 Rad8 17.Kh1 Ne7 18.Qg1 b5 19.a3 a5 20.e4 b4 21.Na4 Ng6 22.Rff1 Bg4
23.axb4 axb4 24.Rac1 h5 25.Rxc4 h4 26.Qf2 h3 27.Bf3 f5 28.Rc5 Bxf3+ 29.Qxf3 Rxd4
30.exf5 Qd2 31.Nb6 Rd3 32.Qe4 Rd4 33.Nc4 Rxe4 34.Nxd2 Re5 35.Rxe5 Nxe5 36.Kg1 Rc8
37.Ne4 Rc2 38.Rf2 b3 39.Kf1 Ng4 40.Rf4 Ne3+ 41.Kg1 Rg2+ 42.Kh1 Rxb2  0-1

[Event "Match"]
[Site "Stillwater USA"]
[Date "2005.02.19"]
[Round "1"]
[White "Wojtkiewicz,A"]
[Black "Shulman,Y"]
[Result "1/2-1/2"]
[WhiteElo "2536"]
[BlackElo "2551"]

1.Nf3 Nf6 2.c4 g6 3.g3 Bg7 4.Bg2 c5 5.Nc3 Nc6 6.O-O d6 7.d4 cxd4 8.Nxd4 Bd7
9.Nc2 Qa5 10.Ne3 O-O 11.Bd2 Rfc8 12.Rc1 Qh5 13.Ned5 Nxd5 14.Nxd5 Rab8 15.b4 e6
16.Nf4 Qf5 17.Be3 Qe5 18.Qd2 Qb2 19.Qxd6 Be8 20.Qd2 b6 21.Nd3 Qxd2 22.Bxd2 Nd4
23.Rfe1 Bc6 24.Be3 Rb7 25.Bxd4 Bxd4 26.Bxc6 Rxc6 27.Rc2 a5 28.b5 Rc8 29.Rec1 Rd7
30.c5 Bxc5 31.a4 Rd4 32.Nxc5 bxc5 33.Rc4 Rxc4 34.Rxc4 Kf8 35.b6 Ke7 36.b7 Rb8
37.Rxc5 Rxb7 38.Rxa5 Rb4 39.Kg2 h5 40.Ra8 h4 41.f4 Kf6 42.Kf3 Rb3+ 43.Kg2 hxg3
44.hxg3 g5 45.Ra7 Rb4 46.Kf3 Rb3+ 47.e3 Rb4 48.a5 gxf4 49.gxf4 Ra4 50.Ra8 Kg6
51.a6 Kf5 52.Ra7 f6 53.Rg7 e5 54.a7 exf4 55.e4+ Ke5 56.Re7+ Kd6 57.Rb7 Ke5
58.Kg4 f3  1/2-1/2

[Event "Match"]
[Site "Stillwater USA"]
[Date "2005.02.19"]
[Round "2"]
[White "Shulman,Y"]
[Black "Wojtkiewicz,A"]
[Result "1/2-1/2"]
[WhiteElo "2551"]
[BlackElo "2536"]

1.d4 d5 2.c4 c6 3.Nc3 Nf6 4.e3 Bf5 5.cxd5 cxd5 6.Qb3 Bc8 7.Bb5+ Nc6 8.Nf3 e6
9.Ne5 Bd7 10.Nxd7 Qxd7 11.Bd2 Bd6 12.Rc1 O-O 13.O-O Rfc8 14.Na4 Qe7 15.Rfd1 Rc7
16.Bxc6 Rxc6 17.Rxc6 bxc6 18.Rc1 Rb8 19.Qc2 Rc8 20.Be1 Qc7 21.h3 Nd7 22.Qc3 Qb7
23.Qa5 g6 24.Rc2 Rb8 25.b3 Rc8 26.Bd2 Rc7 27.Be1 Rc8 28.Nb2 c5 29.dxc5  1/2-1/2

[Event "Millennium Open"]
[Site "Virginia Beach USA"]
[Date "2005.02.27"]
[Round "4"]
[White "Miller,D"]
[Black "Shulman,Y"]
[Result "1-0"]
[WhiteElo "2269"]
[BlackElo "2551"]

1.e4 c5 2.Nf3 e6 3.c3 Nf6 4.e5 Nd5 5.d4 cxd4 6.cxd4 d6 7.Bc4 Nb6 8.Bb3 dxe5
9.Nxe5 N8d7 10.O-O Nxe5 11.dxe5 Qxd1 12.Rxd1 Bd7 13.Be3 Bc6 14.Bxb6 axb6
15.Nd2 Bc5 16.Bc2 Ke7 17.Ne4 Rhd8 18.Nxc5 bxc5 19.a3 Rxd1+ 20.Rxd1 c4 21.Rc1 h6
22.Bd1 Rd8 23.Be2 Rd2 24.Bxc4 Rxb2 25.h4 Rd2 26.Ba6 Ke8 27.Bc4 Rd4 28.g3 Re4
29.Bf1 Rxe5 30.Bg2 Kd7 31.Bxc6+ bxc6 32.Rc4 Ra5 33.a4 g5 34.Kf1 Kd6 35.Ke2 Kd5
36.Kd3 c5 37.hxg5 hxg5 38.g4 e5 39.f3 Ra6 40.Re4 Rf6 41.Ke3 c4 42.Kf2 Ra6
43.Re2 c3 44.Ke3 Kc4 45.Rh2 Kb3 46.Rh8 Rxa4 47.Rb8+ Rb4 48.Rc8 c2  1-0

[Event "7th Foxwoods Open"]
[Site "Connecticut USA"]
[Date "2005.03.25"]
[Round "4"]
[White "Bick,J"]
[Black "Shulman,Y"]
[Result "1/2-1/2"]
[WhiteElo "2214"]
[BlackElo "2551"]

1.d4 d5 2.c4 e6 3.Nc3 c6 4.cxd5 exd5 5.Bf4 Bd6 6.Bxd6 Qxd6 7.e3 Bf5 8.Bd3 Bxd3
9.Qxd3 Nf6 10.Nge2 O-O 11.O-O Nbd7 12.Ng3 Rfe8 13.Rfe1 g6 14.Rad1 Rad8 15.Qc2 h5
16.f3 h4 17.Nf1 Nh5 18.Qf2 Qf6 19.b4 Nf8 20.Na4 Ne6 21.Nc5 Nxc5 22.bxc5 b6
23.cxb6 axb6 24.Rc1 Ra8 25.Rc2 Ra4 26.Nd2 Ng7 27.Nb3 Nf5 28.e4 Nxd4 29.Nxd4 Qxd4
30.Qxd4 Rxd4 31.Rxc6 Rd2 32.Rd6 d4 33.e5 Kg7 34.e6 Rxe6 35.Rdxe6 fxe6 36.Rxe6 b5
37.Rb6 Rxa2 38.Rxb5 d3 39.Rb1 Kf6 40.Rd1 d2  1/2-1/2

[Event "HB Global CC"]
[Site "Minneapolis USA"]
[Date "2005.05.20"]
[Round "4"]
[White "Onischuk,Al"]
[Black "Shulman,Y"]
[Result "1-0"]
[WhiteElo "2638"]
[BlackElo "2550"]

1.d4 d5 2.c4 e6 3.Nc3 c6 4.e4 dxe4 5.Nxe4 Bb4+ 6.Bd2 Qxd4 7.Bxb4 Qxe4+ 8.Be2 Na6
9.Bd6 b6 10.Nf3 Bb7 11.O-O c5 12.Nh4 Qxh4 13.Qa4+ Kd8 14.Rad1 Kc8 15.Qe8+ Qd8
16.Qxd8+ Kxd8 17.Bf8+ Kc7 18.Bxg7 Nf6 19.Bxf6 Rhg8 20.g3 Nb8 21.Be5+ Kc8
22.f4 Bc6 23.Rd6 Rd8 24.f5 Rxd6 25.Bxd6 Nd7 26.fxe6 fxe6 27.Rf7 Kb7 28.Rxh7 Be4
29.Re7 Rh8 30.Rxd7+ Kc6 31.Be5  1-0

[Event "HB Global CC"]
[Site "Minneapolis USA"]
[Date "2005.05.22"]
[Round "8"]
[White "Shulman,Y"]
[Black "Epishin,V"]
[Result "1/2-1/2"]
[WhiteElo "2550"]
[BlackElo "2605"]

1.d4 Nf6 2.c4 c6 3.Nc3 d5 4.Nf3 a6 5.a4 e6 6.Bg5 Nbd7 7.a5 h6 8.Bxf6 Nxf6
9.c5 g5 10.e3 Bg7 11.h4 Ng4 12.hxg5 hxg5 13.Rxh8+ Bxh8 14.e4 e5 15.exd5 cxd5
16.dxe5 Nxe5 17.Nxe5 Qe7 18.Nxd5 Qxe5+ 19.Qe2 Qxe2+ 20.Bxe2 Bxb2 21.Ra2 Be5
22.Bf3 Kf8 23.Re2 f6 24.Nb6 Rb8 25.Nxc8 Rxc8 26.Rc2 Bd6 27.Bxb7 Rxc5 28.Rxc5 Bxc5
29.Bxa6 Bb4+ 30.Ke2 Bxa5  1/2-1/2

[Event "24th OCF NthAmOp"]
[Site "Stillwater USA"]
[Date "2005.05.29"]
[Round "7"]
[White "Shulman,Y"]
[Black "Kriventsov,S"]
[Result "1/2-1/2"]
[WhiteElo "2550"]
[BlackElo "2409"]

1.d4 Nf6 2.c4 g6 3.Nc3 d5 4.cxd5 Nxd5 5.e4 Nxc3 6.bxc3 Bg7 7.Bb5+ Bd7 8.Be2 c5
9.Nf3 O-O 10.O-O b6 11.Be3 Qc8 12.Rc1 Qb7 13.d5 e6 14.c4 e5 15.Nd2 Na6 16.Bd3 Nc7
17.f4 f6 18.Qb3 Qc8 19.fxe5 fxe5 20.Bg5 Rxf1+ 21.Rxf1 Qe8 22.Qb2 h6 23.Bh4 g5
24.Bg3 Qe7 25.Nf3 Re8 26.Be2 Qd6 27.h3 Re7 28.Nh2 Ne8 29.Bg4 Bxg4 30.Nxg4 Qg6
31.Nxe5  1/2-1/2

[Event "33rd World Open"]
[Site "Philadelphia USA"]
[Date "2005.06.28"]
[Round "1"]
[White "Chernin,O"]
[Black "Shulman,Y"]
[Result "0-1"]
[WhiteElo "2193"]
[BlackElo "2550"]

1.c4 e6 2.Nf3 d5 3.b3 c5 4.g3 Nc6 5.Bg2 d4 6.d3 g6 7.O-O Bg7 8.Na3 Nf6 9.Nc2 O-O
10.Rb1 e5 11.Bg5 h6 12.Bxf6 Bxf6 13.a3 Be6 14.Nd2 Rc8 15.b4 b6 16.bxc5 bxc5
17.Qe1 Qc7 18.Rb5 Be7 19.Qb1 Nd8 20.Bb7 Nxb7 21.Rxb7 Qa5 22.Rd1 Bd8 23.Nf3 e4
24.Nd2 exd3 25.exd3 Bb6 26.Ne4 f5 27.Re7 Rc6 28.Qb5 Qxb5 29.cxb5 fxe4 30.bxc6 Bb3
31.Rxe4 Bxc2 32.Rd2 Bb3 33.Re7 Rc8 34.Rde2 Rxc6 35.Rd7 Re6 36.Rb2 Ba4  0-1

[Event "33rd World Open"]
[Site "Philadelphia USA"]
[Date "2005.07.03"]
[Round "6"]
[White "Kamsky,G"]
[Black "Shulman,Y"]
[Result "1/2-1/2"]
[WhiteElo "2700"]
[BlackElo "2550"]

1.e4 e6 2.d4 d5 3.Nc3 Bb4 4.e5 c5 5.a3 Bxc3+ 6.bxc3 Ne7 7.Qg4 O-O 8.Bd3 Nbc6
9.Qh5 Ng6 10.Nf3 Qc7 11.Be3 Nce7 12.h4 Nf5 13.g4 Nxe3 14.fxe3 cxd4 15.cxd4 Qc3+
16.Ke2 Bd7 17.Ng5 h6 18.Nh3 Bb5 19.Bxb5 Qxc2+ 20.Kf3 f5 21.exf6 Qe4+ 22.Ke2 Qc2+
23.Kf3 Rxf6+ 24.Kg3 Qc7+ 25.Kg2 Qc2+ 26.Kg3 Qc7+  1/2-1/2

[Event "American Continental"]
[Site "Buenos Aires ARG"]
[Date "2005.08.07"]
[Round "2"]
[White "Echavarria,J"]
[Black "Shulman,Y"]
[Result "1/2-1/2"]
[WhiteElo "2362"]
[BlackElo "2550"]

1.e4 c5 2.Nf3 e6 3.d4 cxd4 4.Nxd4 Nc6 5.Nb5 d6 6.Bf4 e5 7.Be3 Nf6 8.Bg5 Be6
9.Bxf6 gxf6 10.Nd2 Rc8 11.Nc4 d5 12.exd5 Bxd5 13.c3 Bxc4 14.Bxc4 Qxd1+ 15.Rxd1 a6
16.Nd6+ Bxd6 17.Rxd6 Ke7 18.Rd2 Rhd8 19.Bd3 h5 20.Bf5 Rxd2 21.Kxd2 Rg8 22.g3 h4
23.Ke3 Nd8 24.Rd1 Ne6 25.b4 Rc8 26.Rd3 Rh8 27.Be4 hxg3 28.hxg3 b6 29.Bc6 Rd8
30.Rxd8 Nxd8 31.Bg2 f5 32.Bf1 a5 33.Kd3 Nb7 34.Kc4 Nd6+ 35.Kd5 Ne4 36.Kxe5 Nxc3
37.Bc4 Ne4  1/2-1/2

[Event "American Continental"]
[Site "Buenos Aires ARG"]
[Date "2005.08.10"]
[Round "5"]
[White "Shulman,Y"]
[Black "Leon Hoyos,M"]
[Result "1-0"]
[WhiteElo "2550"]
[BlackElo "2431"]

1.d4 d6 2.Nf3 g6 3.c4 Bg7 4.Nc3 e5 5.e4 exd4 6.Nxd4 Ne7 7.Bg5 h6 8.Be3 Nbc6
9.Qd2 f5 10.exf5 Nxf5 11.Nxf5 Bxf5 12.Be2 Qf6 13.O-O g5 14.Bh5+ Kd7 15.Rad1 Rad8
16.Bf3 Rhe8 17.Bxc6+ bxc6 18.Bxa7 Be6 19.Bd4 Qxd4 20.Qxd4 Bxd4 21.Rxd4 c5
22.Re4 Bf5 23.Rxe8 Rxe8 24.Rd1 c6 25.f3 Re5 26.Kf2 Ke6 27.Rd2 d5 28.b3 Kd6
29.Na4 Re8 30.Nc3 Re5 31.Nd1 Re8 32.Ne3 Be6 33.g3 Rf8 34.Kg2 h5 35.Nd1 g4
36.f4 Bf5 37.Nc3 d4 38.Kf2 Rh8 39.Ne2 h4 40.gxh4 Rxh4 41.Kg1 Rh8 42.Ng3 Bh7
43.f5 Ke5 44.Re2+ Kf4 45.Re7 d3 46.Rd7 Re8 47.Rxd3 Re1+ 48.Kf2 Ra1 49.Rd7 Bxf5
50.Rf7 Rxa2+ 51.Ke1 Ra1+ 52.Kd2 Ra2+ 53.Kc1 Rxh2 54.Nxf5 Ke4 55.Ng3+ Kd3
56.Nf1 Rg2 57.Kd1 Kc3 58.Ne3 Rg1+ 59.Ke2 Kxb3 60.Kd2 g3 61.Rb7+ Ka4 62.Kc3 Ka5
63.Ra7+ Kb6 64.Rg7 Ka5 65.Nc2 Kb6 66.Rg5 Kc7 67.Rxc5 Kd6 68.Rg5 Ke6 69.Kd4 Kf6
70.Rg4 g2 71.Ne3  1-0

[Event "American Continental"]
[Site "Buenos Aires ARG"]
[Date "2005.08.12"]
[Round "7"]
[White "Felgaer,R"]
[Black "Shulman,Y"]
[Result "1/2-1/2"]
[WhiteElo "2618"]
[BlackElo "2550"]

1.e4 e6 2.d4 d5 3.Nc3 Bb4 4.e5 c5 5.a3 Bxc3+ 6.bxc3 Ne7 7.a4 Qa5 8.Qd2 Nbc6
9.Nf3 f6 10.Bb5 Bd7 11.exf6 gxf6 12.O-O O-O-O 13.Ba3 cxd4 14.Nxd4 e5 15.Nb3 Qc7
16.Nc5 Rhg8 17.Rfb1 Ng6 18.Bf1 Na5 19.Na6 Qc6 20.Nb4 Nc4 21.Qxd5 Nf4 22.Qxc6+ Bxc6
23.g3 Nxa3 24.Nxc6 Nxb1 25.Ne7+ Kc7 26.Nxg8 Rxg8 27.Rxb1 a5 28.Bc4 Rg4 29.Kf1 Ng6
30.Bb5 Nf8 31.Re1 Rg7 32.Re4 Kd6 33.Rc4 Rc7 34.Rxc7 Kxc7 35.Ke2 Ne6 36.Kf3 f5
37.h4 h6 38.Ke3 Kd6 39.Bd3 e4 40.Bc4 Nc5 41.Kf4 e3 42.fxe3 Nxa4 43.Kxf5 Nxc3
44.g4 b5 45.g5 h5 46.Be6 Ke7 47.g6 Kf8 48.Kg5 Kg7 49.Kxh5 Ne4 50.Kg4 Kf6
51.Bf7 Nd6 52.Kf4 Nxf7 53.gxf7 Kxf7 54.Ke4 Kg6 55.Kd4 Kh5 56.e4 a4 57.e5 a3
58.Kc3 b4+ 59.Kb3 Kg6 60.c3 bxc3 61.Kxa3 Kf5  1/2-1/2

[Event "American Continental"]
[Site "Buenos Aires ARG"]
[Date "2005.08.13"]
[Round "8"]
[White "Shulman,Y"]
[Black "Hernandez,Gi"]
[Result "1-0"]
[WhiteElo "2550"]
[BlackElo "2518"]

1.d4 Nf6 2.c4 g6 3.Nc3 Bg7 4.e4 d6 5.Nf3 O-O 6.Be2 e5 7.Be3 Ng4 8.Bg5 f6
9.Bh4 g5 10.Bg3 Nh6 11.h3 Nd7 12.O-O Kh8 13.Qd2 c6 14.Rad1 Qe8 15.b4 Rg8
16.b5 g4 17.hxg4 Nxg4 18.bxc6 bxc6 19.Nh4 Bh6 20.Qd3 Nf8 21.dxe5 dxe5 22.Nf5 Bxf5
23.exf5 Ne3 24.fxe3 Rxg3 25.Bf3 Rg7 26.Ne4 Nd7 27.Rfe1 Qf8 28.Qd6 Nb6 29.Qxc6 Rc8
30.Qxf6 Qxf6 31.Nxf6 Nxc4 32.Rd3 Rf8 33.Nh5 e4 34.Bxe4 Re7 35.Bd5 Rxf5 36.Bxc4 Rxh5
37.g4 Rh3 38.Rd8+ Kg7 39.Rg8+ Kf6 40.g5+  1-0